El librero de Kabul : (Record no. 71300)

MARC details
000 -LEADER
campo de control de longitud fija 00641nmm a2200205Ia 4500
008 - DATOS DE LONGITUD FIJA--INFORMACIÓN GENERAL
campo de control de longitud fija 251105s9999||||xx |||||||||||||||||und||
020 ## - NÚMERO INTERNACIONAL ESTÁNDAR DEL LIBRO
Número Internacional Estándar del Libro 9788415893127
041 ## - CÓDIGO DE IDIOMA
Código de lengua del texto/banda sonora o título independiente spa
100 ## - ENTRADA PRINCIPAL--NOMBRE DE PERSONA
Nombre de persona Seierstad, Asne
245 #0 - MENCIÓN DEL TÍTULO
Título El librero de Kabul :
Resto del título Un testimonio excepcional y de primera mano sobre la apasionante sociedad afgana.
264 ## - PRODUCCIÓN, PUBLICACIÓN, DISTRIBUCIÓN, FABRICACIÓN Y COPYRIGHT
Producción, publicación, distribución, fabricación y copyright [Madrid, España] :
Nombre del de productor, editor, distribuidor, fabricante Maeva Ediciones,
Fecha de producción, publicación, distribución, fabricación o copyright 2003
300 ## - DESCRIPCIÓN FÍSICA
Extensión 0 páginas
490 ## - MENCIÓN DE SERIE
Mención de serie Memorias
650 ## - PUNTO DE ACCESO ADICIONAL DE MATERIA--TÉRMINO DE MATERIA
Término de materia o nombre geográfico como elemento de entrada Other narratives
700 ## - ENTRADA AGREGADA--NOMBRE PERSONAL
Nombre de persona Seierstad, Asne
700 1# - ENTRADA AGREGADA--NOMBRE PERSONAL
Nombre de persona Hoyrup, Sara
700 1# - ENTRADA AGREGADA--NOMBRE PERSONAL
Nombre de persona Covian Fasce, Marcelo
856 ## - LOCALIZACIÓN Y ACCESO ELECTRÓNICOS
Identificador Uniforme de Recursos <a href="https://public.digitaliapublishing.com/a/31571">https://public.digitaliapublishing.com/a/31571</a>
942 ## - ELEMENTOS DE ENTRADA SECUNDARIOS (KOHA)
Tipo de ítem Koha Libro Digital

No items available.

Powered by Koha